000 00371 a2200157 4500
001 149855
040 _cEscola São Tomás de Aquino
100 _aRIOS, Rosana
240 1 0 _aEncrenca na biblioteca
_lpor
245 1 0 _aEncrenca na biblioteca
300 _a95
362 0 _a2007
440 1 _aEscala Educacional
697 _a*LITERATURA INFANTO JUVENIL
942 _cBK
999 _c149855
_d149855